| 000 | 00666nam a22001817a 4500 | ||
|---|---|---|---|
| 999 |
_c57669 _d57669 |
||
| 005 | 20200902115848.0 | ||
| 008 | 200902s2019 pl ||||| |||| 00| 0 pau d | ||
| 020 | _a9788379723010 | ||
| 041 | _apl | ||
| 080 | _a94(438:479) F-98 | ||
| 100 |
_aFurier, Andrzej _99370 |
||
| 245 |
_aKaukaz w dokumentach polskiej sluzby konsularnej z okresu miedzywojennego _cAndrzej Furier. |
||
| 264 |
_aSzczecin, _c2019. |
||
| 300 |
_a285 p. _b25 cm. |
||
| 653 | _aკავკასია ომის პერიოდის პოლონეთის საკონსულოს დოკუმენტებში | ||
| 653 | _aისტორია | ||
| 942 |
_2udc _cBK |
||